000 00627nam a2200241Ia 4500
005 20250425162637.0
008 250425s9999 xx 000 0 und d
020 _a9789978868300
041 _aspa
043 _aec
082 _a341.02636
100 _aCORONEL, CESAR
245 0 _aLEY ORGANICA DE REGIMEN TRIBUTARIO INTERNO
250 _aS.E.
260 _aEcuador
_bCORPORACION DE ESTUDIOS Y PLUBLICACIONES
_c2015
260 _aQUITO
300 _a145
650 _aDERECHO CIVIL
650 _aECUADOR-LEYES-REFORMAS
710 _aCORPORACION DE ESTUDIOS Y PUBLICACIONES
942 _c01
010 _a93076
999 _c233488
_d233488